Fr. Conceicao Rodrigues College of Engineering

Engineering Inspection. (Record no. 24004)

MARC details
000 -LEADER
fixed length control field 00280nam a2200133Ia 4500
082 ## - DEWEY DECIMAL CLASSIFICATION NUMBER
Classification number 620.0044
100 ## - MAIN ENTRY--PERSONAL NAME
Personal name Parkinson.A.C
245 ## - TITLE STATEMENT
Title Engineering Inspection.
260 ## - PUBLICATION, DISTRIBUTION, ETC.
Name of publisher, distributor, etc. Sir Issac Pitman
Date of publication, distribution, etc. 2001
300 ## - PHYSICAL DESCRIPTION
Extent 171
546 ## - LANGUAGE NOTE
Language note ENGLISH
654 ## - SUBJECT ADDED ENTRY--FACETED TOPICAL TERMS
Focus term inspection
942 ## - ADDED ENTRY ELEMENTS (KOHA)
Koha item type BOOK
Holdings
Withdrawn status Lost status Damaged status Not for loan Collection Home library Current library Date acquired Cost, normal purchase price Inventory number Total Checkouts Full call number Barcode Date last seen Cost, replacement price Price effective from Koha item type
        AFT Fr. Agnel's C.Rodrigues College of Engineering Fr. Agnel's C.Rodrigues College of Engineering 17/03/2023 25.00 1073   620.0044 AFT746 17/03/2023 25.00 17/03/2023 BOOK